Quiz Cultura Generale - Quiz n°36 - Statistics

Statistiche generali
  • Questo quiz è stato fatto 231 volte
  • Il punteggio medio è 9 su 15
Statistiche sulle risposte
Domanda Risposta % Corretto
Come si traduce il termine inglese "gold"? Oro
98%
Chi è il calciatore che ha segnato il maggior numero di gol nella storia del Real Madrid? Cristiano Ronaldo
88%
In quale parte del continente africano si trova la Somalia? Orientale
85%
In quale nazione si trova lo Stato Federale della Renania Settentrionale-Vestfalia? Germania
71%
In quale regione italiana si trova la città di Bitonto? Puglia
67%
Chi ha inventato la pila? Alessandro Volta
66%
Come sono detti i nomi formati dall'unione di due parole? Composti
63%
Qual è per popolazione la seconda città della Toscana dopo Firenze? Prato
60%
Da quante sillabe è composta la parola "anticostituzionalissimamente"? 12
57%
In che anno avvenne l'eruzione del Vesuvio che spazzò via intere città come Pompei ed Ercolano? 79 d.C.
49%
Qual è la capitale della Siria? Damasco
49%
Quante paia di nervi cranici possiede l'Uomo? 12
44%
Quale unità di misura è usata come indicatore di purezza delle leghe auree? Carato
29%
In quale città si trova la "Cattedrale Metropolitana della Natività della Beata Vergine Maria"? Milano
22%
In quale organo si trovano il Corpuscolo di Malpighi? Rene
12%
Nessun quiz corrispondente trovato
Distribuzione punteggi
Percentuale di utenti per punteggio
Percentile per numero di risposta
I tuoi punteggi nel tempo
Non hai fatto questo quiz